Missing Word: Male Movies Quiz Stats

 Plays Quiz Updated Nov 7, 2014

Challenge
Share
Tweet
Embed
Score 0/24 Timer 04:00
0 Plays Today
Hint Answer % Correct
Kill _____ : Vol. 1Bill
98.9%
_____'s AngelsCharlie
97%
Bonnie and _____Clyde
96.4%
_____ PanPeter
95.2%
_____ AlmightyBruce
93%
The Assassination of _____ NixonRichard
91.9%
_____ of the JungleGeorge
91.8%
_____ MaguireJerry
90.1%
Dirty _____Harry
89.3%
Fun With _____ and JaneDick
87.8%
Anchorman: The Legend of _____ BurgundyRon
86.9%
_____ DarkoDonnie
84.3%
Hint Answer % Correct
Bill & _____'s Excellent AdventureTed
84.1%
_____ Blart: Mall CopPaul
82.9%
Wrestling _____ HemingwayErnest
82.7%
My Cousin _____Vinny
81.9%
I Now Pronounce You Chuck and _____Larry
80.1%
_____ and Kumar Go to White CastleHarold
78.3%
Good Luck _____Chuck
76.9%
_____ and the Amazing Technicolor DreamcoatJoseph
76.8%
Talladega Nights: The Ballad of _____ BobbyRicky
68.8%
What About _____?Bob
65.2%
_____ & IsoldeTristan
52%
_____ and the Real GirlLars
43.2%

Today's Daily Dose

You're not logged in!

Compare scores with friends on all Sporcle quizzes.
Join for Free
OR
Log In

You Might Also Like...

Show Comments

Extras

Top Quizzes Today


Score Distribution

Your Account Isn't Verified!

In order to create a playlist on Sporcle, you need to verify the email address you used during registration. Go to your Sporcle Settings to finish the process.

Report this User

Report this user for behavior that violates our Community Guidelines.

Details: